| 000 | 00986nam a22001817a 4500 | ||
|---|---|---|---|
| 003 | JO-AjAnu | ||
| 005 | 20240624090650.0 | ||
| 008 | 231211b jo ||||| |||| 00| 0 ara d | ||
| 040 |
_bARA _cJO-AjAnu _dANU |
||
| 100 |
_aالدويري، سهاد عبدالله _964884 _eمعد |
||
| 245 |
_aالمناخ الأسري وعلاقته بالأمن النفسي والانبساط لدى الطلبة ذوي صعوبات التعلم = The Family climate and its Rlationship to Psychological Security and The Extroversion among students with learning Disabilities / _cاعداد سهاد عبدالله الدويري ؛ اشراف خالد احمد عبيدات |
||
| 260 | _c2023 | ||
| 300 | _a104 ورقه | ||
| 500 | _aرساله جامعية (ماجستير) - جامعة عجلون الوطنية، قسم صعوبات التعلم، 2023 | ||
| 650 | 7 | _vالأمن النفسي-الأسرة | |
| 700 | 1 |
_aعبيدات، خالد احمد _965487 _eمشرف |
|
| 942 |
_2lcc _cTHS _n0 |
||
| 999 |
_c33263 _d33263 |
||